| 000 | 01863nam a2200445 c 4500 | ||
|---|---|---|---|
| 999 |
_c96198 _d96198 |
||
| 003 | BLK | ||
| 005 | 20220209151451.0 | ||
| 008 | 180409b bul|||||r ||||||| ||bul|| | ||
| 010 | _aKNG00101084000 | ||
| 020 | _a954-8190-20-6 | ||
| 040 | _aBLK | ||
| 041 |
_aBUL _cBUL |
||
| 072 | 7 |
_2bullib _aК _xКраезнание |
|
| 072 | 7 |
_2bullib _aЯ _xАвтографи |
|
| 080 |
_aСпециални образователни средни училища - Училища с засилено изучаване на класически езици, на математика и естествени науки и др. _b373.52 _x(497.215)(091) _z373.52(497.215)(091) |
||
| 100 | 1 |
_aЧакъров, Николай _eпърви автор _9279783 |
|
| 139 |
_aЧакъров, Николай _bЧ 19 |
||
| 245 | 1 | 0 |
_aИстория на немското училище в гр. Русе _b1883 - 1944 _cНиколай Чакъров; послесл. от Пламен Иванов. |
| 257 | _aBGR | ||
| 260 |
_bЛени-Ан _c2001 |
||
| 300 |
_a104 с. _bс ил., факс., табл. _c20 см |
||
| 380 | _a3 | ||
| 500 | _aОфс. изд. - Библиогр. с. 72-73 ; Рез. на англ., нем. ез. | ||
| 650 | 4 |
_aСредни училища - България - Русе _9279831 |
|
| 651 | 4 |
_aРусе _9179462 |
|
| 651 | 4 |
_aБългария _9241624 |
|
| 653 | _aДойче шуле | ||
| 653 | _aнемски училища | ||
| 653 | _aистория | ||
| 653 | _aРусе | ||
| 653 | _aсредни училища | ||
| 659 | _aК | ||
| 659 | _aЯ | ||
| 700 | 1 |
_aИванов, Пламен _eпослесл. от _9369018 |
|
| 852 | _aЦб 211317 | ||
| 852 | _aК 373.5/Ч 19 Н | ||
| 856 | 4 | _qpdf | |
| 856 | 4 | _qpdf | |
| 942 |
_cKNG _n0 _02 _s1 |
||
| 944 |
_aCR _c01.01.2001 _lф / _kЛюдмила_Стоянова |
||
| 944 |
_aED _c04.05.2015 _lф / _kВаля_Йорданова |
||
| 999 | _d96198 | ||